000 01918 a2200217 4500
001 56785
005 20260407155831.0
008 260407a2008 arg spa d
003 AR-UNSa-BCEJYS
040 _aAR-UNSa-BCEJYS
_bspa
_cAR-UNSa-BCEJYS
080 _a330
_xEconomía en general
245 1 0 _a15º Jornadas de Epistemología de las Ciencias Económicas
020 _a978-950-29-1181-6
264 1 _aBuenos Aires :
_bCIECE (Centro de Investigación en Epistemología de las Ciencias Económicas)
_c2008
300 _a249 p.
_c20 cm.
505 _a1. El lugar de la economía en el conjunto de las ciencias, por Alicea Gianella – 2. ¿Es la economía ecológica un nuevo paradigma en las ciencias económicas? Una respuesta negativa – 3.La metodología de Friedman y una consecuencia importante para la escuela austriaca de la economía – 4. Algunas dificultades del razonamiento económico. La resolución Platónica de las leyes de la falacia del bien común – 5.Operationalizing Sen’s capability approach by some aristotelian principles – 6.Mas allá de la falacia de Adam: la debacle de las dicotomías – 7.Una ética de mínimos para la empresa – 8.Etica, economía y cambio climático: ¿puede el análisis económico ayudar a resolver dilemas éticos? – 9.El teorema de Arrow y los conjuntos de las operaciones – 10.Condiciones de posibilidades para la equivalencia entre mecanismos de agregación de argumentos de entornos sociales – 11.La utilidad como índice de estado final o de cambio en relaciones a un punto de referencia - 12.Apuntes para la microeconomía de capitalismo – 13. ¿Cuál es la importancia de una teoría normativa de la decisión racional? – 14.La controversia entre Fisher y Neyman.
942 _cBK
590 _aniveau_biblio:m niveau_hierar:0
100 1 _aJornadas de Epistemología de las Ciencias Económicas
700 1 _aWeisman, Diego
999 _c6049
_d6049